000 01132nas a2200325 4500
001 BR8301318
003 BR-BrBNA
005 20231205085455.0
007 ta
008 230509b bl.|||p| |||| 00| 00por d
040 _aBR-BrBNA
_bpor
_cBiblioteca Nacional de Agricultura
041 _a(Pt)
072 _aF30; F60
100 1 _aBarreiro Neto, M.
100 1 _aSilva, J.C.
100 1 _aBarbosa, J.G.
100 1 _aSant'Anna, R.
245 1 _aSelecao para densidade das sementes em milho (Zea mays L.)opaco-2 e seu efeito sobre caracteres agronomicos e teores de proteina e lisina
_bParte de tese
246 1 _a[Selection for seed density in maize (Zea mays L.)opaque-2 and its effect on agronomic characters and protein and lysine contents]
_b[Part of thesis]
650 _aMILHO
650 _aSEMENTE
650 _aSELECAO GENETICA
650 _aANALISE QUIMICA
650 _aCOMPOSTO ORGANICO
650 _aPROTEINA
650 _aLISINA
773 0 _tRevista Ceres (Brazil)
_xISSN 0034-737X
_g(Sep 1982), v. 29(165) p. 489-502
_wBR8301318
909 _a202311
_bLúcia
_c55
_dLúcia Elande
942 _2AGRIS
_n0
_cANA
999 _c111658
_d111658